000
00293nam a2200109Ia 4500
008
230907s9999||||xx |||||||||||||| ||und||
082
_a
621.317,DAS
100
_a
Das, J. C.,
_9
96424
245
0
_a
Power system harmonics and passive filter designs /
300
_a
xxi, 844 pages :
942
_c
BK
999
_c
597598
_d
597598